[Event "AUTO-BEG-75"]
[Site "http://www.queenalice.com/game.php?id=170414"]
[Date "2007.2.18"]
[Round "1"]
[White "Re"]
[Black "valefale19"]
[Result "0-1"]
[WhiteElo "1046"]
[BlackElo "1582"]

1. e4 e5 2. Nf3 Nc6 3. d3 d5 4. exd5 Qxd5 5. c4 Qa5+ 6. Nbd2 f5 7. Be2 Nf6 8.
O-O Bc5 9. Nb3 Qb6 10. Nxc5 Qxc5 11. Be3 Qb4 12. a3 Qe7 13. Nh4 Ng4 14. Qa4 Bd7
15. h3 Nxe3 16. fxe3 Qc5 17. b4 Qxe3+ 18. Rf2 Nd4 0-1

[Event "AUTO-BEG-75"]
[Site "http://www.queenalice.com/game.php?id=170415"]
[Date "2007.2.18"]
[Round "1"]
[White "valefale19"]
[Black "Re"]
[Result "1-0"]
[WhiteElo "1520"]
[BlackElo "1048"]

1. e4 e6 2. d4 c6 3. Nf3 Qa5+ 4. Bd2 Qb6 5. Be3 Qxb2 6. Nbd2 Bb4 7. Bc4 b5 8.
Bb3 Nf6 9. Rb1 Qa3 10. Ne5 O-O 11. c4 d6 12. Ng4 Nxg4 13. Qxg4 e5 14. Qg3 exd4
15. Bxd4 bxc4 16. Qxg7# 1-0

[Event "Challenge"]
[Site "http://www.queenalice.com/game.php?id=185574"]
[Date "2007.3.21"]
[Round "-"]
[White "Jomaley"]
[Black "Re"]
[Result "1-0"]
[WhiteElo "1386"]
[BlackElo "1169"]

1. e4 e6 2. Nc3 Bc5 3. Nh3 b6 4. Nb5 a6 5. Nc3 Nh6 6. f3 O-O 7. Bc4 b5 8. Bd3 d5
9. Nf4 e5 10. Nh3 dxe4 11. fxe4 b4 12. Na4 Bd6 13. c3 Nc6 14. Qf3 a5 15. Bb5
Qh4+ 16. Kd1 Ne7 17. d3 Ng6 18. Bc6 Ra6 19. Bb5 Rb6 20. Bc4 Rc6 21. Bxh6 gxh6
22. Nf2 Be7 23. g3 Qg5 24. h4 Qf6 25. Qe2 Bc5 26. Nh3 Ba7 27. h5 Ne7 28. g4 Qg7
29. Nf2 Rd6 30. Nh3 Qxg4 31. Qxg4+ Bxg4+ 32. Kc2 Nc8 33. Rhg1 Bxg1 34. Nxg1 Bxh5
35. cxb4 axb4 36. a3 Nb6 37. Nc5 Kh8 38. Nh3 Bg4 39. Nf2 Be2 40. axb4 Nxc4 41.
dxc4 Bxc4 42. Ng4 Rfd8 43. Nxe5 Rd2+ 44. Kc3 Bd3 45. Kxd2 Bb5+ 46. Kc3 f6 47.
Nf7+ Kg8 48. Nxd8 h5 49. Rh1 Be8 50. Rf1 Bg6 51. Re1 h4 52. Na6 c6 53. Nxc6 Kg7
54. b5 h3 55. b6 Be8 56. Nd4 h2 57. b7 h1=Q 58. Rxh1 Bd7 59. b8=Q f5 60. Nxf5+
Kf6 61. Nd4 h6 62. Qd8+ Ke5 63. Rxh6 Kxe4 64. Qxd7 Ke3 65. Nf5+ Ke2 66. Qd3+ Kf2
67. Qe3+ Kf1 68. Rh1+ Kg2 69. Rh3 Kf1 70. Rf3+ Kg2 71. Qf2+ Kh1 72. Ng3# 1-0

[Event "AUTO-BEG-90"]
[Site "http://www.queenalice.com/game.php?id=194149"]
[Date "2007.4.9"]
[Round "1"]
[White "Re"]
[Black "LikeTheSalsa"]
[Result "0-1"]
[WhiteElo "1050"]
[BlackElo "1375"]

1. e4 c5 2. g3 Nc6 3. Nc3 e5 4. b3 d6 5. Na4 Nf6 6. Ba3 a6 7. Be2 b5 8. Nc3 b4
9. Bb2 bxc3 10. dxc3 Nxe4 11. f3 Ng5 12. c4 Nd4 13. c3 Nxe2 14. Qxe2 d5 15. cxd5
Bb7 16. h4 Nxf3+ 17. Qxf3 Bxd5 18. Rd1 Bxf3 19. Nxf3 Qc7 0-1

[Event "AUTO-BEG-90"]
[Site "http://www.queenalice.com/game.php?id=194150"]
[Date "2007.4.9"]
[Round "1"]
[White "LikeTheSalsa"]
[Black "Re"]
[Result "1-0"]
[WhiteElo "1383"]
[BlackElo "1050"]

1. f4 e6 2. Nf3 d5 3. d4 Nf6 4. e3 b6 5. Nc3 g6 6. Bb5+ c6 7. Ba4 b5 8. Bb3 b4
9. Na4 Ba6 10. Nc5 Bb5 11. Nb7 Qd7 12. Nc5 Qd8 13. a4 Ba6 14. Nxa6 Nxa6 15. Ne5
Rb8 16. Nxc6 Qc7 17. Nxb8 Qxb8 18. Qe2 Bh6 19. Qxa6 1-0

[Event "AUTO-BEG-90"]
[Site "http://www.queenalice.com/game.php?id=194151"]
[Date "2007.4.9"]
[Round "1"]
[White "Re"]
[Black "FKafka"]
[Result "0-1"]
[WhiteElo "1026"]
[BlackElo "1362"]

1. e4 b6 2. b3 g6 3. Nh3 Bg7 4. Ba3 Bxa1 5. Nc3 Nf6 6. Qxa1 O-O 7. Bd3 d6 8. O-O
c6 9. Qe1 d5 10. e5 Nfd7 0-1

[Event "AUTO-BEG-90"]
[Site "http://www.queenalice.com/game.php?id=194152"]
[Date "2007.4.9"]
[Round "1"]
[White "FKafka"]
[Black "Re"]
[Result "1-0"]
[WhiteElo "1359"]
[BlackElo "1029"]

1. g3 e6 2. Bg2 Nh6 3. d4 c6 4. e4 Bb4+ 5. c3 Ba5 6. Ne2 Na6 7. O-O b6 8. Qd3
O-O 9. a4 Qf6 10. Na3 Nb8 11. e5 1-0

[Event "Challenge"]
[Site "http://www.queenalice.com/game.php?id=207439"]
[Date "2007.5.7"]
[Round "-"]
[White "tiagohi"]
[Black "Re"]
[Result "1-0"]
[WhiteElo "1397"]
[BlackElo "1119"]

1. e4 e6 2. e5 f5 3. f4 g6 4. d4 Ne7 5. Be3 Nd5 6. Qf3 b6 7. c4 Nb4 8. Na3 Bh6
9. Qxa8 N8c6 10. Nb5 Nc2+ 11. Ke2 Nxa1 12. d5 Nb4 13. d6 Nac2 14. Qxa7 Nc6 15.
Nxc7+ Kf7 16. Qxb6 Nxe3 17. Kxe3 g5 18. g3 gxf4+ 19. gxf4 Rg8 20. c5 Rg4 21. Be2
Bxf4+ 22. Kd3 Nxe5+ 23. Kd4 Ng6 24. Bxg4 fxg4 25. h3 g3 26. Nf3 g2 27. Rg1 Qf6+
28. Kc4 Ne5+ 29. Kb3 Nxf3 30. Rxg2 Nd4+ 31. Kc4 h5 32. Qb8 Nc6 33. Qxc8 1-0

[Event "Desafio chuvoso"]
[Site "http://www.queenalice.com/game.php?id=212381"]
[Date "2007.5.17"]
[Round "-"]
[White "Re"]
[Black "Jomaley"]
[Result "0-1"]
[WhiteElo "1162"]
[BlackElo "1432"]

1. d4 d5 2. Nf3 f6 3. g3 Bg4 4. Bd2 Bxf3 5. exf3 Nc6 6. Bh3 g5 7. b3 e5 8. O-O
Bb4 9. c3 Bd6 10. c4 dxc4 11. d5 Nd4 12. bxc4 Nh6 13. c5 Bxc5 14. Nc3 Qd6 15.
Ne4 Qb6 16. Qa4+ c6 17. Nxf6+ Kd8 18. Bxg5 Nxf3+ 19. Kh1 Nxg5 20. Be6 a5 21.
Rab1 Qa6 22. Rfc1 Nxe6 23. dxe6 Bxf2 24. e7+ Kxe7 25. Ng4 Nxg4 26. Qxg4 Rag8 27.
Qf5 Rf8 28. Qxe5+ Kd7 29. Rf1 h5 30. Rbd1+ Kc8 31. a3 Qb6 32. Rb1 Qa6 33. Qe6+
Kb8 34. Qd7 Rf3 35. Rxb7+ Qxb7 36. Qxb7+ Kxb7 37. Rb1+ Kc7 38. Kg2 Rhf8 39. a4
Ra3 40. Rc1 Rxa4 41. Rc2 Bd4 42. Kh3 Bg1 43. Rg2 Be3 44. Re2 Ra3 45. Rxe3 Rxe3
46. Kh4 a4 47. Kxh5 a3 48. g4 Rg8 49. g5 a2 50. g6 a1=Q 51. Kh6 Qh1 52. Kh7 Ree8
53. g7 Qxh2+ 54. Kg6 Qd6+ 55. Kf7 Qe6# 0-1

[Event "Challenge"]
[Site "http://www.queenalice.com/game.php?id=218786"]
[Date "2007.5.31"]
[Round "-"]
[White "rafaelbdb"]
[Black "Re"]
[Result "1-0"]
[WhiteElo "1495"]
[BlackElo "1172"]

1. e4 e6 2. d4 g6 3. Nf3 Nc6 4. Nc3 Bg7 5. Be3 b6 6. Bb5 Na5 7. O-O a6 8. Bd3
Nf6 9. e5 Nd5 10. Bg5 f6 11. exf6 Nxf6 12. h3 h6 13. Bxg6+ Kf8 14. Bxf6 Qxf6 15.
Qd3 Bb7 16. Ne5 d6 17. Nd7+ Ke7 18. Nxf6 Bxf6 19. Rfe1 Kd8 20. Rxe6 Rf8 21. Re8+
Rxe8 22. Bxe8 Kxe8 23. Re1+ Kd7 24. Qf5+ Kc6 25. Qxf6 Rd8 26. Qxd8 h5 27. d5+
Kc5 28. Qh4 Nc4 29. Na4+ Kxd5 30. Qe4# 1-0

[Event "Challenge"]
[Site "http://www.queenalice.com/game.php?id=225987"]
[Date "2007.6.16"]
[Round "-"]
[White "Re"]
[Black "ederdionatan"]
[Result "1-0"]
[WhiteElo "1114"]
[BlackElo "1360"]

1. e4 e5 2. Nc3 Bb4 3. Nd5 Nc6 4. a3 Bc5 5. b4 Bd4 6. c3 Bxf2+ 7. Kxf2 Nf6 8.
Ke1 Nxe4 9. Bd3 Nd6 10. b5 Ne7 11. Nxe7 Qxe7 12. Nf3 O-O 13. h4 a6 14. Ng5 h6
15. Bh7+ Kh8 16. Rf1 hxg5 17. Bd3 axb5 18. Rb1 gxh4 19. Qh5+ 1-0

[Event "Challenge"]
[Site "http://www.queenalice.com/game.php?id=244836"]
[Date "2007.7.24"]
[Round "-"]
[White "Re"]
[Black "rafaelbdb"]
[Result "0-1"]
[WhiteElo "1176"]
[BlackElo "1484"]

1. e4 e5 2. d3 Nf6 3. Nh3 Nc6 4. Bg5 Be7 5. Be3 O-O 6. c3 d5 7. exd5 Nxd5 8. Be2
Nxe3 9. fxe3 Bh4+ 10. Nf2 Bxf2+ 11. Kxf2 Qf6+ 12. Ke1 Bd7 13. Rf1 Qh4+ 14. g3
Qxh2 15. Na3 Qxg3+ 16. Kd2 Ne7 0-1

[Event "AUTO-BEG-75"]
[Site "http://www.queenalice.com/game.php?id=250151"]
[Date "2007.8.3"]
[Round "2"]
[White "yalokin"]
[Black "Re"]
[Result "1-0"]
[WhiteElo "1927"]
[BlackElo "1138"]

1. d4 e6 2. c4 Nc6 3. Nc3 d5 4. Bf4 Bd6 5. Bc1 Na5 6. b3 e5 7. Nxd5 c6 8. Nc3
Bb4 9. Bd2 exd4 10. Ne4 c5 11. g3 Nf6 12. Bg2 Be6 13. Bxb4 1-0

[Event "AUTO-BEG-75"]
[Site "http://www.queenalice.com/game.php?id=250152"]
[Date "2007.8.3"]
[Round "2"]
[White "Re"]
[Black "yalokin"]
[Result "0-1"]
[WhiteElo "1140"]
[BlackElo "1925"]

1. e4 e5 2. d3 Bc5 3. b4 Bxb4+ 4. c3 Ba5 5. Ne2 d6 6. Ba3 Nf6 7. Ng3 O-O 8. Be2
b6 9. O-O Bb7 10. Nd2 Bxc3 11. Nb3 Bxa1 12. Qxa1 Nc6 0-1

[Event "AUTO-BEG-75"]
[Site "http://www.queenalice.com/game.php?id=250159"]
[Date "2007.8.3"]
[Round "2"]
[White "JusEstripador"]
[Black "Re"]
[Result "0-1"]
[WhiteElo "1386"]
[BlackElo "1136"]

1. e4 e6 2. Nf3 c6 3. d3 Nf6 4. d4 Nxe4 5. Qe2 d5 6. Ne5 g6 7. Qf3 Qe7 8. b3 Ng5
9. Qf4 f6 10. Nc4 dxc4 11. bxc4 Bg7 12. Ba3 c5 13. Bxc5 Qd7 14. Ba3 b6 15. Bd6
Nc6 0-1

[Event "AUTO-BEG-75"]
[Site "http://www.queenalice.com/game.php?id=250160"]
[Date "2007.8.3"]
[Round "2"]
[White "Re"]
[Black "JusEstripador"]
[Result "1-0"]
[WhiteElo "1162"]
[BlackElo "1360"]

1. e4 e5 2. d3 Bc5 3. b4 Bxb4+ 4. c3 Bxc3+ 5. Nxc3 Nh6 6. g3 Qf6 7. Nd5 Qd6 8.
Qd2 c6 9. Nb4 Qd4 10. Bb2 Qc5 11. Rc1 Qb6 12. Nh3 c5 13. Nd5 Qd6 14. Ba3 b6 15.
Be2 1-0

[Event "Challenge"]
[Site "http://www.queenalice.com/game.php?id=288858"]
[Date "2007.10.18"]
[Round "-"]
[White "Re"]
[Black "FENIX_RJ"]
[Result "0-1"]
[WhiteElo "1157"]
[BlackElo "1527"]

1. e4 e5 2. Nh3 Bc5 3. d4 Bxd4 4. c3 Bb6 5. Be2 d6 6. O-O d5 7. exd5 Qd6 8. b3
Nf6 9. Bb5+ c6 10. dxc6 Ke7 11. Qe1 Bc7 12. Ba3 e4 13. Bxd6+ Bxd6 14. Nd2 Bxh3
15. gxh3 bxc6 16. Bc4 Nbd7 17. Nxe4 Rhe8 0-1